LEADER 03764 am 2200973 n 450 001 9910313025703321 005 20180216 010 $a2-35596-025-9 024 7 $a10.4000/books.irasec.1142 035 $a(CKB)4960000000012691 035 $a(FrMaCLE)OB-irasec-1142 035 $a(oapen)https://directory.doabooks.org/handle/20.500.12854/52173 035 $a(PPN)230000096 035 $a(EXLCZ)994960000000012691 100 $a20180703j|||||||| ||| 0 101 0 $afre 135 $auu||||||m|||| 181 $ctxt$2rdacontent 182 $cc$2rdamedia 183 $acr$2rdacarrier 200 12$aL?Asie du Sud-Est, un foyer pandémique ? $eLe médicament vétérinaire en question /$fOdile Le Minor 210 $aBangkok $cInstitut de recherche sur l?Asie du Sud-Est contemporaine$d2018 215 $a1 online resource (158 p.) 311 $a616-7571-04-X 330 $aL?objectif général de cette étude est de présenter la gestion des produits vétérinaires et ses carences au Cambodge, au Laos et au Viêt Nam. Plus spécifiquement, pour chacun de ces trois pays, sera précisé le cadre institutionnel et législatif relatif à l?enregistrement (ou à l?autorisation de mise sur le marché), à la production, à l?importation, au commerce, à l?utilisation, au contrôle et à la surveillance (résidus notamment) des médicaments pharmaceutiques et biologiques à usage vétérinaire. Les limites des dispositifs juridiques mis en place et leur degré d?application seront analysés. On expliquera l?organisation générale des filières du médicament vétérinaire, en désignant les principaux acteurs, publics et privés, impliqués dans l?approvisionnement et le commerce de ces produits, et en mettant en évidence les possibilités d?activités illicites ou illégales. Nous nous attacherons enfin à décrire plus particulièrement les aspects liés à la qualité et à l?utilisation sur le terrain du médicament ainsi que les ressources en personnel vétérinaire et en laboratoires d?analyse et de contrôle. 517 $aL?Asie du Sud-Est, un foyer pandémique ? 606 $aAsian Studies 606 $aAsie du Sud-Est 606 $amédicament vétérinaire 606 $apandémie 606 $asanté animale 606 $asanté 606 $acontrefaçon 606 $aélevage 606 $aindustrie 606 $aalimentation 606 $aSRAS 606 $aSoutheast Asia 606 $amedicine 606 $ahealth 606 $aepidemics 606 $aanimals 606 $acontrol 606 $acounterfeit 606 $aindustry 606 $apharmaceutics 606 $asanitary issues 610 $aSoutheast Asia 610 $asanitary issues 610 $aepidemics 610 $apharmaceutics 610 $acounterfeit 610 $ahealth 610 $amedicine 610 $acontrol 610 $aindustry 610 $aanimals 615 4$aAsian Studies 615 4$aAsie du Sud-Est 615 4$amédicament vétérinaire 615 4$apandémie 615 4$asanté animale 615 4$asanté 615 4$acontrefaçon 615 4$aélevage 615 4$aindustrie 615 4$aalimentation 615 4$aSRAS 615 4$aSoutheast Asia 615 4$amedicine 615 4$ahealth 615 4$aepidemics 615 4$aanimals 615 4$acontrol 615 4$acounterfeit 615 4$aindustry 615 4$apharmaceutics 615 4$asanitary issues 700 $aLe Minor$b Odile$01304279 801 0$bFR-FrMaCLE 906 $aBOOK 912 $a9910313025703321 996 $aL?Asie du Sud-Est, un foyer pandémique$93027328 997 $aUNINA LEADER 02044nam 2200517 450 001 9910793167803321 005 20230814224329.0 010 $a3-0356-1470-9 010 $a3-0356-1474-1 024 7 $a10.1515/9783035614749 035 $a(CKB)4100000006520084 035 $a(MiAaPQ)EBC5754692 035 $a(DE-B1597)486892 035 $a(OCoLC)1054879514 035 $a(DE-B1597)9783035614749 035 $a(Au-PeEL)EBL5754692 035 $a(EXLCZ)994100000006520084 100 $a20190516d2018 uy 0 101 0 $ager 135 $aurcnu|||||||| 181 $ctxt$2rdacontent 182 $cc$2rdamedia 183 $acr$2rdacarrier 200 10$aArchitektur und Modellbau $eKonzepte, Methoden, Materialien /$fAlexander Schilling 210 1$aBasel :$cBirkha?user,$d[2018] 210 4$d©2018 215 $a1 online resource (207 pages) $cillustrations 311 $a3-0356-1477-6 320 $aIncludes bibliographical references (page 201). 327 $aHistorischer Kontext -- Darstellung der Architektur -- Typologie -- Funktion -- Modellbaustelle -- Pra?sentation und Betrachtung -- Ausblick. 330 0 $aDas Architekturmodell ist ein Arbeits- und Entwurfswerkzeug und Teil der Architekturdarstellung wie die Pra?sentationszeichnung. Mit seiner Hilfe wird Architektur erfunden und entwickelt. Mit einfachen Mitteln wie Pappe ko?nnen schnell Proportionen und Raumzusammenha?nge u?berpru?ft werden. Keine andere Darstellungsform ermo?glicht die sinnlich-haptische Wahrnehmung von Raum und Architektur, ihrer Oberfla?chen und ihrer Plastizita?t. 606 $aArchitectural models 610 $adesign. 610 $amodel building. 610 $amodel making. 610 $apresentation. 615 0$aArchitectural models. 676 $a720.22 700 $aSchilling$b Alexander$f1976-$01482597 801 0$bMiAaPQ 801 1$bMiAaPQ 801 2$bMiAaPQ 906 $aBOOK 912 $a9910793167803321 996 $aArchitektur und Modellbau$93700323 997 $aUNINA